000 00625nam a2200169 i 4500
001 156362
003 ES-MaACL
005 20230906210407.0
008 931025s1888 sp |||| | spa d
100 1 _aJimeno Agius, José.
_9128307
245 1 0 _aComercio Exterior de España /
_cpor J. Jimeno Agius.
260 _aMadrid :
_b[s.n.],
_c1888 (
_fEst. Tip. El Correo, a cargo de F. Fernandez)
300 _a108 p. :
_bil. ;
_c24 cm.
599 _aLas il. son tablas.
651 4 _aEspaña-
_xComercio exterior.
_98178
852 _aES-MaACL
_jT-539-F-3
_z-- Enc. hol., conservando la cub. original
_z-- Enc. en un vol. facticio
999 _c156362
_d156362